000
00336nam a2200133Ia 4500
008
191201s2008 xx 000 0 und d
100
_a
LAFORE, Robert
245
0
_a
Object Oriented Programming in Turbo C++
250
_a
Rep.
260
_a
N.Delhi
_b
Galgatia Pub. Pvt
_c
2008
300
_a
739
650
_a
B.Tech(CSE)
942
_2
ddc
_c
BK
999
_c
3931
_d
3931